000
00325nam a2200121Ia 4500
008
220204s9999 xx 000 0 und d
082
_a
631.47(035)
_b
SOI
245
0
_a
Soil survey manual.
260
_a
Calcutta
_b
Oxford & IBH
_c
1966
490
_a
US department of agriculture handbook; 18
650
_a
Soil maps
942
_c
BK
999
_c
20919
_d
20919